| 000 | 00669nam a2200229 a 4500 | ||
|---|---|---|---|
| 001 | 3089 | ||
| 003 | CDMR | ||
| 005 | 20131029170338.0 | ||
| 008 | 130130s1978||||||||||||||||||||||||||||d | ||
| 040 |
_aCDMR _bcat _cCDMR |
||
| 100 | 1 |
_aRio Reynaga, Julio del _92255 |
|
| 245 | 1 | 0 |
_aPeriodismo interpretativo _b: el reportaje _cJulio del Río Reynaga |
| 246 |
_aGéneros periodísticos interpretativos _b: el reportaje |
||
| 250 | _a2a ed. | ||
| 260 |
_aQuito _c1978 _bEpoca |
||
| 300 | _a347 p. | ||
| 490 | 0 |
_aIntiyan _v9 |
|
| 650 | 0 | 4 |
_93352 _aReportatges |
| 650 | 0 | 4 |
_93564 _aPeriodisme _xFonts d'informació |
| 650 | 0 | 4 |
_93136 _aGestió de la informació |
| 942 |
_cMON _2udc |
||
| 999 |
_c3089 _d3089 |
||